000 00661nam a2200145 a 4500
001 ASINB007KAC9FC
005 20150413000914.0
008 150413s1959 xxu eng d
100 1 _aSchwartz, Mischa.
245 1 0 _aInformation transmission, modulation, and noise /
_cMischa Schwartz.
260 _a[S.l.] :
_bMcGraw Hill,
_c1959.
300 _a461 p. ;
_c18 cm.
520 _aVery Good to Like New condition. Name written inside along with name stamped on exterior pages. Dust jacket is missing. Boards are in Like New condition. Text is perfect. Same day shipping.
856 4 0 _3Amazon.com
_uhttp://www.amazon.com/exec/obidos/ASIN/B007KAC9FC/chopaconline-20
999 _c12965
_d12965